000 005180000a22002050004500
003 LK-CoMWRAF
005 20231107113854.0
008 230817t ||||| |||| 00| 0 eng d
020 _a8171511120
040 _aLK-CoMWRAF
_dLK-CoMWRAF
_eLK-CoMWRAF
041 _aeng
082 _a297.577
_bSAB
100 _aSabiruddin
245 _aA Muslim Husband and Wife
250 _a1st.ed.
260 _aNew Delhi
_bNusrat Ali Nasri(Kitab Bhavan)
_c1990
300 _ap.151
650 _aIslam--Family life
942 _cBK
999 _c3186
_d3186